000 00431nam a2200145Ia 4500
008 221030s9999 xx 000 0 und d
020 _a0521670357
041 _aEnglish
100 _aD. Gusfield
245 0 _aAlgorithms on Strings, Trees, & Sequences : Computer Science & Computational Biology
_cby D. Gusfield
260 _bCambridge University Press
_aNew Delhi
_c2009
300 _a534
650 _aBE Computer
942 _cBK
999 _c14893
_d14893